Statistics for Dwars door Vlaanderen Winners (since 2000)

Click here to take the quiz!

General Stats

  • This quiz has been taken 11 times
    (2 since last reset)
  • The average score is 9 of 24

Answer Stats

YearNationalityAnswerTeam% Correct
2023FranceChristophe LaporteTeam Jumbo-Visma
100%
2022The NetherlandsMathieu van der PoelAlpecin-Fenix
100%
2019The NetherlandsMathieu van der PoelCorendon-Circus
100%
2024United StatesMatteo JorgensonVisma-Lease a Bike
100%
2002AustraliaBaden CookeFrançaise des Jeux
50%
2021The NetherlandsDylan van BaarleIneos Grenadiers
50%
2009BelgiumKevin Van ImpeQuick-Step
50%
2011BelgiumNick NuyensSaxo Bank-SunGard
50%
2014The NetherlandsNiki TerpstraOmega Pharma-Quick-Step
50%
2012The NetherlandsNiki TerpstraOmega Pharma-Quick-Step
50%
2003AustraliaRobbie McEwenLotto-Domo
50%
2008FranceSylvain ChavanelCofidis
50%
2007BelgiumTom BoonenQuick-Step-Innergetic
50%
2006BelgiumFrederik VeuchelenChocolade Jacques-Topsport Vlaanderen
0%
2015BelgiumJelle WallaysTopsport Vlaanderen-Baloise
0%
2016BelgiumJens DebusschereLotto-Soudal
0%
2004BelgiumLudovic CapelleLandbouwkrediet-Colnago
0%
2010DenmarkMatti BreschelTeam Saxo Bank
0%
2005BelgiumNiko EeckhoutChocolade Jacques-T Interim
0%
2001BelgiumNiko EeckhoutLotto-Adecco
0%
2013ItalyOscar GattoVini Fantini-Selle Italia
0%
2000The NetherlandsTristan HoffmanMemory Card-Jack & Jones
0%
2017BelgiumYves LampaertQuick-Step Floors
0%
2018BelgiumYves LampaertQuick-Step Floors
0%

Score Distribution

Percentile by Number Answered

Percent of People with Each Score

Your Score History

You have not taken this quiz since the last reset